000 00295nam a2200109Ia 4500
005 20251222144921.0
008 251222s9999||||xx |||||||||||||| ||spa||
082 _a869.301/Y63
245 0 _aYo alzo muy fuerte mi voz por el Derecho a la Vida
264 _bVicarĂ­a de la Solidaridad
942 _cLIB
999 _c22722
_d22722